[Event "Mittelfrank Regionalliga Sud-West 2223"]
[Site "Mittelfranken"]
[Date "2022.11.27"]
[Round "3.8"]
[White "Alferova, Emily"]
[Black "Vollprecht, Daniel"]
[Result "0-1"]
[WhiteElo "1641"]
[BlackElo "1805"]
[PlyCount "78"]
[EventDate "2022.10.09"]
[EventType "team-tourn"]
[EventRounds "9"]
[EventCountry "GER"]
[SourceTitle "EXT 2024"]
[Source "ChessBase"]
[SourceDate "2023.10.10"]
[SourceVersion "1"]
[SourceVersionDate "2023.10.10"]
[SourceQuality "1"]
[WhiteTeam "Garching III"]
[BlackTeam "Augsburg Rochade"]
[WhiteTeamCountry "GER"]
[BlackTeamCountry "GER"]

1. d4 Nf6 2. Nf3 g6 3. Nbd2 d5 4. e3 Bg7 5. b4 0-0 6. Bd3 Nbd7 7. 0-0 c6 8. a4 Qc7 9. Bb2 b6 10. Rc1 a5 11. b5 cxb5 12. Bxb5 Ba6 13. c4 Bxb5 14. cxb5 Qb7 15. Ba3 Rfe8 16. Qb3 Ne4 17. Rc6 e5 18. Qxd5 Nxd2 19. Nxd2 exd4 20. exd4 Rad8 21. Qc4 Nf6 22. Nf3 Nd5 23. Bd6 Ne7 24. Bxe7 Rxe7 25. d5 Red7 26. Rd1 Qb8 27. g3 h6 28. Rd3 Bf8 29. Nd2 Qe5 30. Nf3 Qa1+ 31. Kg2 Bc5 32. Nh4 Qe1 33. Rf3 Rxd5 34. Nxg6 fxg6 35. Rxg6+ Kh7 36. Qc2 Rd3 37. Qc4 Rxf3 38. Kxf3 Qxf2+ 39. Kg4 Rd4+ 0-1

[Event "Steyr Landesliga 1920"]
[Site "Austria"]
[Date "2020.03.07"]
[Round "9.7"]
[White "Vollprecht, Daniel"]
[Black "Kapus, Florian"]
[Result "0-1"]
[WhiteElo "1775"]
[BlackElo "1919"]
[PlyCount "79"]
[EventDate "2019.09.28"]
[EventType "team-tourn"]
[EventRounds "11"]
[EventCountry "AUT"]
[SourceTitle "CBM 195 Extra"]
[Source "ChessBase"]
[SourceDate "2020.05.31"]
[SourceVersion "1"]
[SourceVersionDate "2020.05.31"]
[SourceQuality "1"]
[WhiteTeam "Graz Austria"]
[BlackTeam "Gratwein Strassengel"]
[WhiteTeamCountry "AUT"]
[BlackTeamCountry "AUT"]

1. e4 g6 2. d4 Bg7 3. Nc3 d6 4. Be3 a6 5. Qd2 b5 6. a3 Nd7 7. 0-0-0 c6 8. d5 c5 9. f4 Qa5 10. Kb1 Bxc3 11. Qxc3 Qxc3 12. bxc3 Ngf6 13. e5 Ne4 14. Kb2 dxe5 15. Bd3 exf4 16. Bxe4 fxe3 17. d6 Ra7 18. Bc6 0-0 19. dxe7 Re8 20. Ne2 Rxe7 21. Bxd7 Raxd7 22. Rhe1 Rd2 23. Kc1 Bg4 24. Rxd2 exd2+ 25. Kxd2 Rxe2+ 26. Rxe2 Bxe2 27. Kxe2 f5 28. Kd3 Kf7 29. c4 Ke6 30. cxb5 axb5 31. c4 b4 32. axb4 cxb4 33. Kd4 g5 34. c5 f4 35. Kc4 g4 36. Kxb4 f3 37. gxf3 gxf3 38. Kb5 f2 39. Kb6 f1Q 40. c6 0-1

[Event "Steyr Landesliga 1920"]
[Site "Austria"]
[Date "2019.09.28"]
[Round "1.6"]
[White "Vollprecht, Daniel"]
[Black "Schwarz, Christian1111"]
[Result "0-1"]
[WhiteElo "1775"]
[BlackElo "1958"]
[PlyCount "114"]
[EventDate "2019.09.28"]
[EventType "team-tourn"]
[EventRounds "11"]
[EventCountry "AUT"]
[SourceTitle "CBM 193 Extra"]
[Source "ChessBase"]
[SourceDate "2020.01.31"]
[SourceVersion "1"]
[SourceVersionDate "2020.01.31"]
[SourceQuality "1"]
[WhiteTeam "Graz Austria"]
[BlackTeam "Graz Schachgesellschaft"]
[WhiteTeamCountry "AUT"]
[BlackTeamCountry "AUT"]

1. e4 c5 2. Nf3 Nc6 3. d4 cxd4 4. Nxd4 Nf6 5. Nc3 e5 6. Ndb5 d6 7. Bg5 Be6 8. Bxf6 gxf6 9. Nd5 Bxd5 10. Qxd5 a6 11. Nc3 Qc7 12. 0-0-0 Rc8 13. Kb1 Nd4 14. a4 Rg8 15. h4 Rg7 16. Rh3 Qb6 17. Rdd3 Nxc2 18. Kxc2 Qxf2+ 19. Kb3 Rc6 20. Rdf3 Qa7 21. Rxf6 Rc5 22. Qd1 Be7 23. Rf5 b5 24. axb5 axb5 25. Bxb5+ Kf8 26. Qf1 Qb7 27. g4 Bd8 28. Rhf3 Ba5 29. Ka4 Bxc3 30. bxc3 Qxe4+ 31. Kb3 Qb7 32. c4 d5 33. Kb4 Rxc4+ 34. Ka5 Qa7+ 35. Ba6 Qc5+ 36. Bb5 Qc7+ 37. Ka6 Rg6+ 38. Rf6 Rc1 39. Rxg6 Rxf1 40. Rxf1 hxg6 41. h5 Kg7 42. hxg6 fxg6 43. g5 e4 44. Rf6 e3 45. Rb6 Qc8+ 46. Rb7+ Kf8 47. Ka7 Qc5+ 48. Ka6 d4 49. Rb8+ Ke7 50. Rb7+ Ke6 51. Rb6+ Ke5 52. Rxg6 d3 53. Rh6 e2 54. Rh8 Kf4 55. Re8 Qe3 56. Rxe3 Kxe3 57. g6 e1Q 0-1

[Event "Steyr Landesliga 1819"]
[Site "Austria"]
[Date "2018.11.10"]
[Round "4.7"]
[White "Steiner, Peter"]
[Black "Vollprecht, Daniel"]
[Result "0-1"]
[WhiteElo "1975"]
[BlackElo "1854"]
[PlyCount "92"]
[EventDate "2018.10.06"]
[EventType "team-tourn"]
[EventRounds "11"]
[EventCountry "AUT"]
[SourceTitle "CBM 187 Extra"]
[Source "ChessBase"]
[SourceDate "2018.11.04"]
[SourceVersion "1"]
[SourceVersionDate "2018.11.04"]
[SourceQuality "1"]
[WhiteTeam "Pinggau Friedberg"]
[BlackTeam "Graz Austria"]
[WhiteTeamCountry "AUT"]
[BlackTeamCountry "AUT"]

1. e4 c5 2. Nc3 Nc6 3. f4 g6 4. Nf3 Bg7 5. Bb5 Nd4 6. 0-0 Nxb5 7. Nxb5 a6 8. Nc3 e6 9. d3 Ne7 10. Qe1 0-0 11. Qh4 Nc6 12. Qxd8 Rxd8 13. e5 d5 14. Na4 Bf8 15. Nb6 Ra7 16. Be3 a5 17. c4 Nb4 18. Ne1 Ra6 19. Nxc8 Rxc8 20. a3 Nc6 21. a4 Rb6 22. Rb1 Rb3 23. Bd2 Nb4 24. Rf3 Rd8 25. Bc3 b6 26. Bxb4 axb4 27. Kf1 Ra8 28. Nc2 dxc4 29. Na1 Rxd3 30. Rxd3 cxd3 31. b3 Bh6 32. g3 g5 33. Rd1 Rd8 34. Kf2 gxf4 35. g4 Bg7 36. Kf3 Bxe5 37. Ke4 Bxa1 38. Rxa1 d2 39. Rd1 Rd4+ 40. Kf3 Kg7 41. h3 Kg6 42. h4 f5 43. h5+ Kg5 44. gxf5 Kxf5 45. h6 e5 46. a5 e4+ 0-1